August 20th: Birthdays - Statistics

General Stats
  • This quiz has been taken 5 times
  • The average score is 4 of 9
Answer Stats
Year Clue Answer % Correct
1983 Actor in The Amazing Spider-Man Andrew Garfield
80%
1948 Part of band Led Zeppelin Robert Plant
80%
1918 Wrote Valley of the Dolls Jacqueline Susann
60%
1944 Prime Minister of India Rajiv Gandhi
60%
1833 US President Benjamin Harrison
40%
1941 President of Serbia Slobodan Milošević
40%
1992 Actress in Camp Rock Demi Lovato
20%
1779 Discovered Antarctica Fabian Gottlieb von Bellingshausen
0%
1901 Won Nobel 1959 Salvatore Quasimodo
0%
No matching quizzes found
Score Distribution
Percent of People with Each Score
Percentile by Number Answered
Your Score History
You have not taken this quiz